| 000 | 00839nam a22002657a 4500 | ||
|---|---|---|---|
| 005 | 20170124110039.0 | ||
| 010 | _a009422 | ||
| 020 | _c00.00 | ||
| 035 | _a009422 | ||
| 037 | _bCen Lib/Ret | ||
| 040 |
_aDPL _bEN |
||
| 082 |
_a382 _bHAB |
||
| 100 |
_aHaberler, Gottfried Von _923248 |
||
| 245 |
_aTheory of international trade : _cby Gottfried Von Habeler translated by Alfred Stonier [and] Frederic Benham _bwith its applications to commercial policy / |
||
| 260 |
_aLondon _bWilliam hodge _c1950 |
||
| 270 | _bLondon | ||
| 300 |
_a408p. _c20cm(Hb) |
||
| 500 | _aIncludes index | ||
| 500 | _aTranslated from the German | ||
| 650 |
_aEconomics _9102004 |
||
| 650 |
_aInternational trade _94053 |
||
| 700 |
_aStonier, Alfred _9102005 |
||
| 700 |
_aBenham, Frederic _923250 |
||
| 942 |
_2ddc _cEN _h382 _mHAB |
||
| 999 |
_c128392 _d128392 |
||